| 000 | 00628nam a2200193 u 4500 | ||
|---|---|---|---|
| 005 | 20220914063808.0 | ||
| 008 | 090901s2006 r 000 0 eng d | ||
| 020 | _a8497290712 | ||
| 035 | _aUPN01000172205 | ||
| 049 | _aCG | ||
| 050 | 4 |
_aLB1167 P7 _bR5.3 |
|
| 100 | 1 | _aRigal, Robert | |
| 245 | 1 | 0 |
_aEducación motriz y educación psicomotriz en preescolar y primaria : _bacciones motrices y primeros aprendizajes / _cRobert Rigal. |
| 260 |
_aBarcelona, Esp. : _bINDE, _c2006. |
||
| 300 |
_a456 p. : _bil., figuras, cuadros |
||
| 650 | 7 |
_aEducación psicomotriz _2 _95394 |
|
| 650 | 4 |
_aEDUCACION MOTORA _94847 |
|
| 905 | _aLibro | ||
| 999 |
_c144309 _d144309 |
||